01293nam a2200169Ia 4500008005200000082001300052100001700065245003500082260004700117300002300164504059900187520023800786650002701024650002001051650002201071700003001093200103s 1967 ||||xx |||||||||||||| ||und|| a621bHAN aHannah, John 0aMechanical engineering science bSir Isaac Pitman & Sons Ltd.c1967aLondon aviii, 405 p.: ill. aable of Contents Preface. Note On SI Units. 1. Statics. 2. Moment. Couple And Torque 3. Polygon Of Forces; Frameworks 4. Friction 5. Work And Power 6. Machines 7. Motion; Velocity And Acceleration 8. Force Amd Acceleration 9. Momentum And Energy 10. Uniform Motion In A Circular Path; Satellites 11. Stress And Strain 12. Shear Force And Bending Moment 13. Heat Engines 14. Temperature And Heat 15. Expansion And Compression Of Gases 16. Fuels; Combustion, Energy Release 17. Steam 18. Energy, Heat And Work 19. Heat Exchangers; Power Generation; Emissions 20. The Prime Mover 21. Fluids Index aMechanical Engineering Science provides an introduction to the basic science and mechanics required by mechanical engineering students in their studies; it links in with and complements the authors' companion volume Applied Mechanics aMechanical engineering aHeat exchangers aPolygon of forces aHillier, M. J.eCo-author